Vi dichiaro uniti : diario LGBTQI : una storia di ricerca, amore e diritti civili /
Guardat en:
| Autor principal: | |
|---|---|
| Altres autors: | |
| Format: | Llibre |
| Idioma: | italià |
| Publicat: |
Cleto (CS) :
Officine Editoriali da Cleto,
2019
|
| Col·lecció: | Diritti umani ;
1 |
| Etiquetes: |
Sense etiquetes, Sigues el primer a etiquetar aquest registre!
|
MARC
| LEADER | 00000nam a22000007i 4500 | ||
|---|---|---|---|
| 001 | IT\ICCU\BVE\0862921 | ||
| 003 | ItRI | ||
| 005 | 20250418135004.0 | ||
| 008 | 210105s2019 it |||||| ||||| |||||c | ||
| 020 | |a 9788894490701 | ||
| 040 | |b ita |c Arcigay Queer VdA | ||
| 041 | 7 | |a ita |2 ISO-639-2 | |
| 100 | 1 | |a Cristiano, Riccardo, |d (1978- ) |0 IT\ICCU\BVEV\274179 |4 aut | |
| 245 | 1 | 0 | |a Vi dichiaro uniti : |b diario LGBTQI : una storia di ricerca, amore e diritti civili / |c Riccardo Cristiano ; prefazione di Marco Cappato. |
| 260 | |a Cleto (CS) : |b Officine Editoriali da Cleto, |c 2019 | ||
| 300 | |a 196 p. ; |c 21 cm | ||
| 700 | 1 | |a Cappato, Marco |0 IT\ICCU\LO1V\367157 |4 aui | |
| 830 | 0 | |a Diritti umani ; |v 1 |0 IT\ICCU\BVE\0862928 | |
| 942 | |2 ddc |c BK | ||
| 952 | |0 0 |1 0 |2 ddc |4 0 |6 340_000000000000000_CRI_VID |7 0 |9 3820 |a AO |b AO |d 2025-04-18 |l 0 |o 340 CRI VID |p 11065 |r 2025-04-18 13:50:24 |w 2025-04-18 |x Di proprietà di Giulio Gasperini |y BK | ||
| 981 | 1 | |6 z01 |a i |b xxxe | |
| 982 | 1 | |6 z01 |a n | |
| 999 | |c 2980 |d 2980 | ||